Lanean...

Appooppanu oru large

Xehetasun bibliografikoak
Egile nagusia: Artist
Formatua: Printed Book
Argitaratua: Kottayam, SPCS 1981
LEADER 003680000a22001210004500
040 |a MAL 
082 |a A301 ART/A M1 
100 |a Artist 
245 |a Appooppanu oru large 
260 |a Kottayam, SPCS 
260 |c 1981 
999 |c 22628  |d 22628 
952 |0 0  |1 4  |4 0  |6 A_000000000000000_301_ARTA_M1  |7 0  |8 MAL  |9 22449  |a MGUL  |b MGUL  |c MI  |d 2013-07-16  |l 0  |o A301 ART/A M1  |p 17976  |r 2013-07-16  |w 2013-07-16  |y BK